Fatih Sultan Mehmed/ (Record no. 15215)

MARC details
000 -BAŞLIK
Sabit Uzunlukta Kontrol Alanı 00795nam a22002297a 4500
999 ## - SİSTEM KONTROL NUMARALARI (KOHA)
Koha Biblionumber 15215
Koha Biblioitemnumber 15215
003 - KONTROL NUMARASI IDENTIFIER
Denetim Alanı MIRAKIL
005 - SON İŞLEM TARİHİ VE ZAMANI
Denetim Alanı 20230425115952.0
008 - SABİT-BOY VERİ ELEMANLARI - GENEL BİLGİLER
Sabit Uzunlukta Kontrol Alanı 230425b tu ||||| |||| 00| 0 tur d
020 ## - ULUSLARARASI STANDART KİTAP NUMARASI
Uluslararası Standart Kitap Numarası 9786257288644
040 ## - KATALOGLAMA KAYNAK
Orijinal Kataloglama Ajansı TR-AnCHP
Metne Dönüştürmek Ajansı TR-AnCHP
041 ## - DİL KODU
Metin / Ses Parça Veya Ayrı Başlığın Dil Kodu tur
082 ## - DEWEY ONLU SINIFLANDIRMA NUMARASI
Sınıflandırma Numarası 956.101521
Ürün Numarası F27 2021
245 ## - BAŞLIK TABLOSU
Başlık Fatih Sultan Mehmed/
Sorumluluk Tablosu, Vb editör: Barış Cezar ; yayıma hazırlayan : Necat Birinci.
260 ## - YAYIN, DAĞITIM, VB
Yayın, Dağıtım, Vb Yeri İstanbul:
Yayıncı, Dağıtıcı, Vs Adı İstanbul Büyükşehir Belediyesi Kültür A.Ş.,
Yayın, Dağıtım, Vb Tarihi 20216.
300 ## - FİZİKSEL TANIM
Kapsam 655 s.:
Diğer Fiziksel Ayrıntıları fotğ.,;
Boyutlar 27 sm.
504 ## - KAYNAKÇA VB NOT
Kaynakça Vb Notu Kaynakça ve dizin vardır.
650 #0 - KONU KATMA GİRİŞ - TOPİKAL DÖNEM
9 (RLIN) 710
Topikal Süreli Veya Coğrafi Ad Giriş Elemanı Osmanlı İmparatorluğu
Genel Alt Bölümü Fatih Sultan Mehmet
-- Tarih
651 #0 - KONU KATMA GİRİŞ - COĞRAFİ ADI
9 (RLIN) 5576
Coğrafi İsim İstanbul (Türkiye)
Genel Alt Bölümü Tarih
700 ## - KATMA GİRİŞ - KİŞİSEL İSİM
9 (RLIN) 7394
Kişisel Ad Cezar, Barış
Relator Terim ed.
700 ## - KATMA GİRİŞ - KİŞİSEL İSİM
9 (RLIN) 7395
Kişisel Ad Birinci, Necat
Relator Terim yaym. haz.
942 ## - EKLENDİ GİRİŞ ELEMANLARI (KOHA)
Sınıflandırma Veya Raf Düzeni Kaynak Dewey Decimal Classification
Koha Öğesi Türü Books
Holdings
Kalıcı Konum Mevcut Konum Edinme Tarihi Toplam Check-Out'Lar Tam Çağrı Numarası Barkod Tarih Son Görülme İtibaren Geçerli Fiyatlar Koha Öğesi Türü
CHP Kütüphanesi CHP Kütüphanesi 04/25/2023   956.101521 F27 2021 020806 04/25/2023 04/25/2023 Books